000 00493nam a2200169Ia 4500
003 OSt
005 20201224110415.0
008 190216s9999||||xx |||||||||||||| ||und||
040 _coclc
082 _a910
_bRAD/M
100 _aRadhakrishnan, Mohandas
_97844
245 0 _aManalum Manushyarum /
_cMohandas Radhakrishnan
260 _bPoorna Publications,
_aKozhikode:
_c2000.
300 _a112p
650 _aYathravivaranam
942 _cBK
_2ddc
_h910
_iRAD/M
_k910
_mRAD/M
999 _c28410
_d28410